| 000 | 00647nam a22001937a 4500 | ||
|---|---|---|---|
| 999 |
_c165715 _d165715 |
||
| 005 | 20190627155039.0 | ||
| 010 | _aENG-125803 | ||
| 020 |
_a9789386725301 _c1595.00 |
||
| 035 | _aEN-109335 | ||
| 037 | _bDBAD/PUB | ||
| 082 | _a155.05 | ||
| 100 | _aChaube, S.P. | ||
| 245 |
_aDevelopmental psychology / _cby S.P.Chaube |
||
| 260 |
_aHyderabad _bNeelkamal Publications _c2018 |
||
| 270 |
_a4764/1, 23 Ansari Road _bDaryaganj, New Delhi _e110002 _k011-23244237, 9811828953 _mneelkamalbooks@gmail.com |
||
| 300 |
_axix,508p. _c25cm(Hb) |
||
| 500 | _aIncludes bibliographical references and index | ||
| 942 |
_2ddc _cEN _h155.05 _mCHA |
||